| 000 | 00498nam a2200145 4500 | ||
|---|---|---|---|
| 999 |
_c10318 _d10318 |
||
| 008 | 180822b ||||| |||| 00| 0 eng d | ||
| 022 | _a2094-8042 | ||
| 082 | _aDPer 370.105 M72 Jan-Dec 2011 v59-60 | ||
| 100 |
_930417 _aPaloma, Epifania N. |
||
| 245 |
_aThe problem of educational leadership/ _cEpifania N. Paloma. |
||
| 260 |
_aPhilippines: _bIn the Grade School, Inc., _cc2011. |
||
| 300 |
_av60 n2, pages 49-50: _billustrations; _c27cm. |
||
| 650 | 0 |
_930418 _aLeadership. |
|
| 942 |
_2ddc _cPER |
||